Online katalóg knižníc regiónu Turca

Prípad pre teba a Tigrí tím (Record no. 22368)

MARC details
000 -LEADER
fixed length control field 03192cam a2200637 4500
001 - CONTROL NUMBER
control field 22368
003 - CONTROL NUMBER IDENTIFIER
control field VRT
005 - DATE AND TIME OF LATEST TRANSACTION
control field 20260326154721.0
006 - FIXED-LENGTH DATA ELEMENTS--ADDITIONAL MATERIAL CHARACTERISTICS
fixed length control field r b tn
008 - FIXED-LENGTH DATA ELEMENTS--GENERAL INFORMATION
fixed length control field 220620s2022 xo a b 000 j slo
015 ## - NATIONAL BIBLIOGRAPHY NUMBER
National bibliography number SNBA2022/08
020 ## - INTERNATIONAL STANDARD BOOK NUMBER
International Standard Book Number 9788056629048
Qualifying information (viazané)
039 #9 - LEVEL OF BIBLIOGRAPHIC CONTROL AND CODING DETAIL [OBSOLETE]
Level of rules in bibliographic description 202407021130
Level of effort used to assign nonsubject heading access points AUTHORITY
Level of effort used to assign subject headings 202406101338
Level of effort used to assign classification AUTHORITY
Level of effort used to assign subject headings 202208021233
Level of effort used to assign classification msnk159
Level of effort used to assign subject headings 202207191046
Level of effort used to assign classification msnk134
040 ## - CATALOGING SOURCE
Original cataloging agency SVKBB
Language of cataloging slo
Modifying agency SVKBB
-- SNK
Description conventions rda
041 1# - LANGUAGE CODE
Language code of text/sound track or separate title slo
Language code of original ger
044 ## - COUNTRY OF PUBLISHING/PRODUCING ENTITY CODE
MARC country code xo
ISO country code SK
072 #7 - SUBJECT CATEGORY CODE
Subject category code 821.112.2-3
Subject category code subdivision Nemecká próza, nemecky písaná
Source konspekt
072 #7 - SUBJECT CATEGORY CODE
Subject category code 821-93
Subject category code subdivision Literatúra pre deti a mládež (beletria)
Source konspekt
080 ## - UNIVERSAL DECIMAL CLASSIFICATION NUMBER
Universal Decimal Classification number 821.112.2(436)-32
Edition identifier 2011
080 ## - UNIVERSAL DECIMAL CLASSIFICATION NUMBER
Universal Decimal Classification number 82-93-053.4/.5
Edition identifier 2011
080 ## - UNIVERSAL DECIMAL CLASSIFICATION NUMBER
Universal Decimal Classification number (0:82-322.4)
Edition identifier 2011
100 1# - MAIN ENTRY--PERSONAL NAME
Personal name Brezina, Thomas,
Dates associated with a name 1963-
Relationship aut
240 14 - UNIFORM TITLE
Uniform title Ein Fall für dich und das Tiger-Team: Das Piraten-Logbuch
Language of a work Slovensky
245 10 - TITLE STATEMENT
Title Prípad pre teba a Tigrí tím
Name of part/section of a work Záhadný pirátsky denník
Statement of responsibility, etc. Thomas C. Brezina ; ilustrovala Naomi Fearnová ; z nemeckého originálu Ein Fall für dich und das Tiger-Team: Das Piraten-Logbuch ... preložila Katarína Šmidtová
246 30 - VARYING FORM OF TITLE
Title proper/short title Záhadný pirátsky denník
250 ## - EDITION STATEMENT
Edition statement Druhé slovenské vydanie
260 ## - PUBLICATION, DISTRIBUTION, ETC.
Place of publication, distribution, etc. Bratislava
Name of publisher, distributor, etc. Fragment
Date of publication, distribution, etc. 2022
300 ## - PHYSICAL DESCRIPTION
Extent 140 strán, 10 nečíslovaných strán obrazových príloh
Other physical details fotografie, ilustrácie
Dimensions 19 cm
Accompanying material 1 plastová lupa
336 ## - CONTENT TYPE
Content type term text
Content type code txt
Source rdacontent
336 ## - CONTENT TYPE
Content type term trojrozmerná forma
Content type code tdf
Source rdacontent
337 ## - MEDIA TYPE
Media type term bez média
Media type code n
Source rdamedia
338 ## - CARRIER TYPE
Carrier type term zväzok
Carrier type code nc
Source rdacarrier
338 ## - CARRIER TYPE
Carrier type term objekt
Carrier type code nr
Source rdacarrier
490 1# - SERIES STATEMENT
Series statement Tigrí tím
500 ## - GENERAL NOTE
General note Vydalo vydavateľstvo Fragment v Bratislave v spoločnosti Albatros Media Slovakia, s.r.o.
500 ## - GENERAL NOTE
General note Obsahuje stručné biografické údaje o autorovi
521 8# - TARGET AUDIENCE NOTE
Target audience note Pre čitateľov od 9 rokov
655 #7 - INDEX TERM--GENRE/FORM
Genre/form data or focus term rakúske príbehy
Source of term SNKPH
655 #7 - INDEX TERM--GENRE/FORM
Genre/form data or focus term detektívne príbehy
Source of term SNKPH
655 #7 - INDEX TERM--GENRE/FORM
Genre/form data or focus term literatúra pre deti
Source of term SNKPH
655 #7 - INDEX TERM--GENRE/FORM
Genre/form data or focus term Austrian stories
Source of term SNKPHeng
655 #7 - INDEX TERM--GENRE/FORM
Genre/form data or focus term Detective stories
Source of term SNKPHeng
655 #7 - INDEX TERM--GENRE/FORM
Genre/form data or focus term Children’s literature
Source of term SNKPHeng
700 1# - ADDED ENTRY--PERSONAL NAME
Personal name Fearn, Naomi,
Dates associated with a name 1976-
Relationship ill
700 1# - ADDED ENTRY--PERSONAL NAME
Personal name Šmidtová, Katarína
Relationship trl
710 2# - ADDED ENTRY--CORPORATE NAME
Corporate name or jurisdiction name as entry element Albatros Media Slovakia.
Subordinate unit Fragment
Relationship pbl
830 #0 - SERIES ADDED ENTRY--UNIFORM TITLE
Uniform title Tigrí tím
942 ## - ADDED ENTRY ELEMENTS (KOHA)
Source of classification or shelving scheme Dewey Decimal Classification
Koha item type Krásna literatúra pre deti
Suppress in OPAC No
949 ## - LOCAL PROCESSING INFORMATION (OCLC)
6 2889378828
a savukM 123491
b savuk2022/1637
q Skontrolovať vrátenie 1 plastovej priesvitky.
r Obsahuje 1 pastovú priesvitku.
949 ## - LOCAL PROCESSING INFORMATION (OCLC)
6 270001000650754
9 1 voľ. príl. (lupa)
a svkbbA 164635
b svkbbm 800374
949 ## - LOCAL PROCESSING INFORMATION (OCLC)
6 273K0677155
a svkpoA 251857
b svkpo667421
r 1 voľná príl.: plastová lupa
949 ## - LOCAL PROCESSING INFORMATION (OCLC)
6 17A1492207
a snkSD 90885
b snk2022/11400
o 1214/2022
q Dokument obsahuje 1 voľnú prílohu - plastovú lupu
r Dokument obsahuje 1 voľnú prílohu - plastovú lupu
s 6100:20221109
949 ## - LOCAL PROCESSING INFORMATION (OCLC)
6 17A1492208
a snkSD 90885/príl.
b snk2022/11400
o 1214/2022
p Príloha: 1 plastová lupa
s 6100:20221109
949 ## - LOCAL PROCESSING INFORMATION (OCLC)
6 17A1492209
a snkSD 90885 D1
b snk2022/11401
o 1214/2022
q Dokument obsahuje 1 voľnú prílohu - plastovú lupu
r Dokument obsahuje 1 voľnú prílohu - plastovú lupu
949 ## - LOCAL PROCESSING INFORMATION (OCLC)
6 17A1492210
a snkSD 90885/príl. D1
b snk2022/11401
o 1214/2022
p Príloha: 1 plastová lupa
Holdings
Stav vyradenia Strata Poškodenie Spôsob nadobudnutia Domovská knižnica Aktuálna knižnica Dátum nadobudnutia Cena Total checkouts Čiarový kód exemplára Date last seen Typ exemplára
      Kúpa Obecná knižnica Horná Štubňa Obecná knižnica Horná Štubňa 26.03.2026 1.00   9788056629048 26.03.2026 Krásna literatúra pre deti
Projekt je podporený Slovenskou asociáciou knižníc
Prevádzkuje Turčianska knižnica Martin 2026